000 00424nam a22001817a 4500
005 20260204132635.0
008 260204b |||||||| |||| 00| 0 eng d
020 _a9788123926513
_c695.00
040 _aMAIN
041 _aEnglish
082 _a577
_bMIC
100 _aMichael, P.N.
_926186
245 _aEcology
260 _aNew Delhi
_bCBS
_c2018
300 _a555
650 _aEnvironment Science
_9310
942 _cBK
999 _c60226
_d60226